000 00530nam a2200181Ia 4500
005 20250326141738.0
008 250326s9999 xx 000 0 und d
037 _aTextbook
040 _aFMSL
_beng
_cFMSL
041 _aeng
_2eng
084 _qFMSL
100 _aInternational Monetary Fund
245 0 _aInternational capital markets : Developments and prospects. April 1989
_cInternational Monetary Fund
260 _aWashington
_bWashington, IMF
_c1989
300 _a145p
942 _cTB
999 _c1291769
_d1291769